Kiến trúc chùa Việt Nam Qua tư liệu Viện Bảo tồn di tích Tập 1
Nội dung sách giới thiệu 10 di tích - chùa từ hơn 200 hồ sơ nghiên cứu, lưu trữ của Viện Bảo tồn di tích về loại hình này trên khắp cả nước.
שמור ב:
| מחבר ראשי: | |
|---|---|
| מחברים אחרים: | |
| פורמט: | ספר |
| שפה: | Vietnamese |
| יצא לאור: |
H.
Văn hóa Dân tộc
2017
|
| נושאים: | |
| תגים: |
הוספת תג
אין תגיות, היה/י הראשונ/ה לתייג את הרשומה!
|
| Thư viện lưu trữ: | Thư viện Trường Đại học Nam Cần Thơ |
|---|
| LEADER | 01191nam a22002057a 4500 | ||
|---|---|---|---|
| 001 | NCT_4_007593 | ||
| 008 | 240513b xxu||||| |||| 00| 0 vie d | ||
| 999 | |c 8286 |d 8286 | ||
| 020 | |c 320000 | ||
| 082 | 0 | 4 | |2 23rd ed. |a 726.784309597 |b C561/T.1 |
| 100 | 1 | |a Hoàng Đạo Cương |e Chủ biên | |
| 245 | 1 | 0 | |a Kiến trúc chùa Việt Nam |b Qua tư liệu Viện Bảo tồn di tích |n Tập 1 |c Hoàng Đạo Cương, Nguyễn Hồng Kiên (Đồng Chủ biên) |
| 260 | |a H. |b Văn hóa Dân tộc |c 2017 | ||
| 300 | |a 224tr. |b minh họa |c 24 cm | ||
| 520 | 3 | |a Nội dung sách giới thiệu 10 di tích - chùa từ hơn 200 hồ sơ nghiên cứu, lưu trữ của Viện Bảo tồn di tích về loại hình này trên khắp cả nước. | |
| 653 | |a Quản trị Dịch vụ Du lịch và Lữ hành | ||
| 700 | 1 | |a Nguyễn Hồng Kiên |e Đồng Chủ biên | |
| 942 | |2 ddc |c BK | ||
| 952 | |0 0 |1 0 |2 ddc |4 0 |6 726_784309597000000_C561_T_1 |7 0 |9 28861 |a 000001 |b 000001 |d 2024-05-13 |o 726.784309597 C561/T.1 |p MD.22418 |r 2024-05-13 |v 320000.00 |w 2024-05-13 |y BK | ||
| 980 | |a Thư viện Trường Đại học Nam Cần Thơ | ||